000 00520nam a2200169 i 4500
001 62658
003 ES-MaACL
005 20230906164716.0
007 t|
008 031124s1972 sp ||||1| spa d
100 1 _aFernández Arenas, José.
_949473
245 1 3 _aLa arquitectura mozárabe /
_cJosé Fernández Arenas.
260 _aBarcelona :
_bPolígrafa,
_c[1972]
300 _a282 p., 15 lám. :
_bil. ;
_c28 cm.
500 _aEd. en español, inglés, francés y alemán.
852 _aES-MaACL
_jC-42916
_bR.82486
999 _c62658
_d62658